Statistiques concernant Retrouve les paroles RAP FR

Cliquez ici pour prendre le quiz!

Statistiques générales

  • Ce quiz a été pris 88 fois
  • Le résultat moyen est 9 sur 15

Statistiques - réponses

QuestionRéponse% Correct
Je volais le goûter…?Des enfants gâtés
95%
Tu touchera pas la balle on te fait …?La brésilienne
88%
Elle a du rouge sous ses talons …?Elle me dit qu’elle a mal
84%
C’est comme une maladie sans savoir …?Où j’ai mal
80%
Fait tes bagages on maîtrise la mélodie …?Qui voyagent
71%
Je me promène dans les beaux quartiers…?avec le seum qui fait peur aux riches
69%
Plus j'suis parano plus j'réfléchis..?J'suis perdu entre l'mal et le bien
61%
Tu veux que je fasse quoi …?A part brûler le cellophane
60%
On s’est promis de s’aimer pour la vie ..?Mais je suis fatigué
60%
Elle me dit qu'elle me veut pour la vie ..?Que je lui fasse des filles et des garçons
51%
Nti nti mon amour …?Ya omri mon amour
51%
Je fais des bisous j’fais des gâtés …?Sa peau toute douce
49%
Prends ma main…?Promets-moi que tout ira bien ?
32%
Elle veut rentrer dans ma tête ..?Mais je vais pas continuer
27%
Pse ti shkove …?Pse ti shkove pa mu?
15%

Distribution des résultats

Percentile par nombre de réponses

% des personnes avec chaque résultat

Votre développement - résultats

Vous n’avez pas pris ce quiz